Country Flags With Circles - Statistics

General Stats
  • This quiz has been taken 21 times
  • The average score is 7 of 20
Answers on the Grid
Answers color-coded by a green-red scale on the quiz's grid according to % correct below.
Brazil
Chad
Dominica
Tunisia
Niger
Chile
Mozambique
North Macedonia
Panama
Ethiopia
Bosnia and Herzegovina
Japan
South Korea
Tuvalu
North Korea
Madagascar
Bangladesh
Philippines
India
Kyrgyzstan
Paraguay
Benin
Luxembourg
Grenada
Vanuatu
Uganda
Belize
China
Botswana
Kazakhstan
Laos
Bahrain
Turkmenistan
Portugal
Maldives
Palau
Bhutan
Fiji
Mongolia
Liberia
 
Answer Stats
Answer % Correct
Brazil
86%
Japan
79%
South Korea
71%
Bangladesh
57%
Niger
57%
India
43%
North Korea
43%
Tunisia
43%
Laos
36%
North Macedonia
36%
Ethiopia
29%
Kazakhstan
29%
Palau
29%
Belize
21%
Dominica
21%
Paraguay
21%
Mongolia
14%
Portugal
14%
Uganda
14%
Grenada
0%
No matching quizzes found
Score Distribution
Percent of People with Each Score
Percentile by Number Answered
Your Score History
You have not taken this quiz